UBT Library

Politics according to the Bible : (Record no. 44591)

000 -LEADER
fixed length control field 00874cam a2200253 a 4500
001 - CONTROL NUMBER
control field 16254696
005 - DATE AND TIME OF LATEST TRANSACTION
control field 20180309074132.0
008 - FIXED-LENGTH DATA ELEMENTS--GENERAL INFORMATION
fixed length control field 100527s2010 miua b 001 0 eng
010 ## - LIBRARY OF CONGRESS CONTROL NUMBER
LC control number 2010022520
020 ## - INTERNATIONAL STANDARD BOOK NUMBER
International Standard Book Number 9780310330295
020 ## - INTERNATIONAL STANDARD BOOK NUMBER
International Standard Book Number 0310330297
035 ## - SYSTEM CONTROL NUMBER
System control number (OCoLC)ocn555625189
040 ## - CATALOGING SOURCE
Original cataloging agency DLC
Transcribing agency DLC
Modifying agency BTCTA
-- YDXCP
-- C#P
-- BWX
-- SGB
-- DLC
041 ## - LANGUAGE CODE
Language code of text/sound track or separate title eng
080 ## - UNIVERSAL DECIMAL CLASSIFICATION NUMBER
Universal Decimal Classification number 320.01 GRU
082 00 - DEWEY DECIMAL CLASSIFICATION NUMBER
Classification number 320.01 GRU
Edition number 22
100 1# - Rafti
Rafti 20
101 ## - Shkurtesa
Shkurtesa POL
245 10 - TITLE STATEMENT
Title Politics according to the Bible :
Statement of responsibility, etc Wayne Grudem.
504 ## - BIBLIOGRAPHY, ETC. NOTE
Bibliography, etc Includes bibliographical references and indexes.
906 ## - LOCAL DATA ELEMENT F, LDF (RLIN)
a 7
b cbc
c orignew
d 1
e ecip
f 20
g y-gencatlg
942 ## - ADDED ENTRY ELEMENTS (KOHA)
Source of classification or shelving scheme
Item type Books
Holdings
Withdrawn status Lost status Source of classification or shelving scheme Damaged status Not for loan Collection code Permanent location Current location Shelving location Date acquired Total Checkouts Full call number Barcode Date last seen Price effective from Koha item type
          Koleksioni i përgjithshem UBT - Lipjan UBT - Lipjan Koleksioni i përgjithshem 03/09/2018   320.01 GRU 002-3001470 03/09/2018 03/09/2018 Books
UBT Library © 2015-2024. All rights reserved University Education for Business and Technology